Super Smash Bros. Ultimate but I cut the roster down to 60 - Statistics

General Stats
  • This quiz has been taken 76 times
  • The average score is 49 of 60
Answer Stats
Series Ultimate # Character % Correct
Super Mario 1 Mario
98%
Super Mario 9 Luigi
96%
Super Mario 13 Peach
94%
Super Mario 14 Bowser
91%
Donkey Kong 36 Diddy Kong
89%
Donkey Kong 2 Donkey Kong
89%
WarioWare 30 Wario
89%
Yoshi's Island 5 Yoshi
89%
Kirby 6 Kirby
87%
The Legend of Zelda 3 Link
87%
The Legend of Zelda 17 Zelda
87%
Star Fox 7 Fox
85%
Pokémon 8 Pikachu
85%
Kid Icarus 28 Pit
85%
Pokémon 33 / 34 / 35 Pokémon Trainer
85%
Minecraft 77 Steve
85%
Super Mario 58 Bowser Jr.
83%
The Legend of Zelda 23 Ganondorf
83%
Kirby 39 King Dedede
83%
Pac-Man 55 Pac-Man
83%
Kid Icarus 54 Palutena
83%
Metroid 4 Samus
83%
Castlevania 66 Simon
83%
Sonic the Hedgehog 38 Sonic
83%
F-Zero 11 Captain Falcon
81%
Donkey Kong 67 King K. Rool
81%
Kirby 27 Meta Knight
81%
Metal Gear 31 Snake
81%
Kingdom Hearts 82 Sora
81%
The Legend of Zelda 43 Toon Link
81%
Animal Crossing 45 Villager
81%
Star Fox 44 Wolf
81%
Final Fantasy 61 Cloud
79%
Duck Hunt 59 Duck Hunt
79%
Ice Climbers 15 Ice Climbers
79%
Splatoon 64 Inkling
79%
Animal Crossing 68 Isabelle
79%
Pokémon 12 Jigglypuff
79%
Persona 71 Joker
79%
Punch-Out! 49 Little Mac
79%
Fire Emblem 21 Marth
79%
Mega Man 46 Mega Man
79%
Mother 10 Ness
79%
Metroid 65 Ridley
79%
Super Mario 48 Rosalina & Luma
79%
Street Fighter 60 Ryu
79%
Banjo-Kazooie 73 Banjo & Kazooie
77%
Dragon Quest 72 Hero
77%
Fire Emblem 32 Ike
77%
Tekken 81 Kazuya
77%
Pokémon 24 Mewtwo
77%
ARMS 76 Min Min
77%
Game & Watch 26 Mr. Game & Watch
77%
Pikmin 40 Olimar
77%
Xenoblade Chronicles 79 / 80 Pyra & Mythra
77%
Xenoblade Chronicles 57 Shulk
77%
Fire Emblem 75 Byleth
74%
Pokémon 50 Greninja
74%
Fire Emblem 56 Robin
74%
Final Fantasy 78 Sephiroth
74%
No matching quizzes found
Score Distribution
Percent of People with Each Score
Percentile by Number Answered
Your Score History
You have not taken this quiz